| 000 | 00752nam a2200229 a 4500 | ||
|---|---|---|---|
| 999 |
_c11021 _d11021 |
||
| 001 | 11021 | ||
| 003 | BD-JhCC | ||
| 005 | 20191107134008.0 | ||
| 008 | 190725b 2017bg |||| ||a| 000 0 ben d | ||
| 020 | _a9789849245605 | ||
| 035 | _a(BD-JhCC) | ||
| 040 |
_aBD-JhCC _dBD-JhCC |
||
| 041 | _aben | ||
| 082 |
_a158.1 _bKAB 2017 |
||
| 100 | _aকবির, হুমায়ূন | ||
| 245 |
_aসাধারণদের অসাধারণ হবার রহস্য / _c হুমায়ূন কবির । |
||
| 260 |
_aঢাকাঃ _bমানবাধিকার প্রকাশন; _c২০১৭. |
||
| 300 |
_a১২৮ পৃঃ . : _c২২ সেমি. |
||
| 650 | _aSuccecs | ||
| 942 |
_2ddc _cBK _02 |
||